000 00684nam a2200217Ia 4500
003 IN-BaIIA
008 211028s9999 xx 000 0 eng d
020 _a90-277-1116-X
040 _cIIA Library
080 _a082.2:52
_bIAU-S88
100 _aPlavec, Mirek J
_911260
245 0 _aClose binary stars: observations and interpretation
_cPlavec, M. J, Popper, D. M. And Ulrich, Roger K
260 _aDordrecht
_bD. Reidel Publishing
_c1980
300 _axx, 598p.
650 _aAstronomy and Astrophysics Thesaurus
650 _aBinary stars
_91185
650 _aClose binary stars
_93592
700 _aPopper, Daniel M.
_911261
700 _aUlrich, Roger K.
_911262
942 _cBK
999 _c6576
_d6576